000 01288namaa2200325 i 4500
003 EG-GICUC
005 20260207134436.0
008 260207s2005 mr ||||jr|||| 000 0 ara d
020 _a9953680331
040 _aEG-GiCUC
_bara
_cEG-GiCUC
_dEG-GiCUC
_erda
082 0 4 _221
_a418.02
_bD555
092 0 4 _221
_a418.02
_bD555
099 _a418.02 D555
100 1 _aالديداوى، محمد
_eمؤلف.
245 1 0 _aمنهاج المترجم :
_bبين الكتابة والاصطلاح والهواية والاحتراف /
_cد. محمد الديداوى
250 _aالطبعة الاولى
264 _aالدار البيضاء (المغرب) :
_bالمركز الثقافى العربى،
_c2005
300 _a384 صفحة ؛
_c24 سم
336 _2rdacontent
_atext
337 _2rdamedia
_aUnmediated
338 _2rdacarrier
_avolume
504 _a. 378-369 ببليوجرافيا: صفحات.
541 _aد. / جابر عصفور ؛
_bالقاهرة ؛
_cإهداء ؛
_d2024.
650 1 7 _aالترجمة العربية
_2qrmak
650 1 0 _aاللغة الانجليزية
_xالترجمة الى العربية
650 1 0 _aاللغة الفرنسية
_xالترجمة الى العربية
651 1 _2qrmak
905 _aAmira
942 _2ddc
_cBK
_e21
_n0
999 _c178225
_d178225